000 00675nam a2200181 i 4500
001 22106
003 ES-MaACL
005 20250831121725.0
007 t|
008 021211s1885 sp ||||1| spa d
110 2 _aAsociación para la Reforma de los Aranceles de Aduanas
_91779
245 1 0 _aMeeting celebrado en el teatro de la Alhambra el día 7 de junio de 1885
_b: tema: Ruptura de las negociaciones con Inglaterra y sus consecuencias para el comercio español.
260 _aMadrid :
_b[s.n.],
_c1885 (
_fImp. de E. de la Riva)
300 _a61 p. ;
_c22 cm.
852 _aES-MaACL
_jT-372-F-13
852 _aES-MaACL
_jFol-Laf-241
999 _c22106
_d22106